[Event "MSU Cup"]
[Site "Moscow"]
[Date "2024.04.25"]
[Round "9.16"]
[White "Bayrambayeva, Ogulsuray"]
[Black "Arhipov, Roman"]
[Result "0-1"]
[WhiteElo "1848"]
[BlackElo "1748"]
[PlyCount "122"]
[EventDate "2024.04.22"]
[EventType "team-tourn"]
[EventRounds "9"]
[EventCountry "RUS"]
[SourceTitle "CB18_2024"]
[SourceDate "2024.05.01"]
[SourceVersion "1"]
[SourceVersionDate "2024.05.01"]
[SourceQuality "2"]
[WhiteTeam "Turkmenistan"]
[BlackTeam "Belarus"]
[WhiteTeamCountry "TKM"]
[BlackTeamCountry "BLR"]

1. d4 Nf6 2. c4 e6 3. Nf3 Bb4+ 4. Bd2 c5 5. g3 b6 6. Bg2 Bb7 7. 0-0 0-0 8. Bf4 cxd4 9. Qxd4 Nc6 10. Qd1 d5 11. a3 Be7 12. cxd5 Nxd5 13. Bd2 Rc8 14. e4 Nf6 15. Nc3 Qd7 16. Qe2 e5 17. Rad1 Rfd8 18. Be3 Qe6 19. Ng5 Qb3 20. Nd5 h6 21. Nxe7+ Nxe7 22. Rxd8+ Rxd8 23. Nf3 Ng6 24. h4 Qa4 25. Nd2 Ba6 26. Qd1 Qxd1 27. Rxd1 Ng4 28. Bf3 Nxe3 29. fxe3 Nf8 30. Kf2 Ne6 31. Ke1 Nc5 32. Be2 Bb7 33. Nc4 Rxd1+ 34. Kxd1 Nxe4 35. Nxe5 f6 36. Bc4+ Kf8 37. Ng6+ Ke8 38. Nf4 Nxg3 39. Ne6 Nf5 40. Ke2 Ke7 41. h5 Ng3+ 42. Kf2 Nxh5 43. Nd4 g6 44. Be2 Ng7 45. Bd3 f5 46. Ne2 Kf6 47. Nf4 g5 48. Ne2 h5 49. Kg3 h4+ 50. Kh3 Ne6 51. b4 Ke5 52. Bc2 f4 53. Kg4 f3 54. Nc1 Be4 55. Bd1 f2 56. Be2 Bf5+ 57. Kf3 g4+ 58. Kxf2 Ng5 59. Kg2 Be4+ 60. Kh2 g3+ 61. Kg1 Nh3+ 0-1

[Event "MSU Cup"]
[Site "Moscow"]
[Date "2024.04.23"]
[Round "3.8"]
[White "Arhipov, Roman"]
[Black "Tarasov, Alexandr"]
[Result "0-1"]
[WhiteElo "1748"]
[BlackElo "2348"]
[PlyCount "72"]
[EventDate "2024.04.22"]
[EventType "team-tourn"]
[EventRounds "9"]
[EventCountry "RUS"]
[SourceTitle "CB18_2024"]
[SourceDate "2024.05.01"]
[SourceVersion "1"]
[SourceVersionDate "2024.05.01"]
[SourceQuality "2"]
[WhiteTeam "Belarus"]
[BlackTeam "MGU"]
[WhiteTeamCountry "BLR"]
[BlackTeamCountry "RUS"]

1. e4 c5 2. Nf3 a6 3. d4 cxd4 4. c3 dxc3 5. Nxc3 Nc6 6. Bc4 b5 7. Bb3 e6 8. 0-0 Bb7 9. Qe2 Nge7 10. Bg5 Na5 11. Bc2 f6 12. Bh4 Ng6 13. Bg3 Be7 14. h4 0-0 15. h5 Ne5 16. Nxe5 fxe5 17. Bxe5 Nc6 18. Bg3 b4 19. Na4 Nd4 20. Qd3 Nxc2 21. Qxc2 Rc8 22. Qe2 Bc6 23. b3 Bb5 24. Qg4 Bxf1 25. Rxf1 h6 26. Be5 Rf7 27. Rd1 Bf6 28. Bd6 Qa5 29. f4 Rc2 30. Qf3 Qb5 31. Rd3 Qc6 32. Bxb4 Rxa2 33. Kh2 Be5 34. Rc3 Rxf4 35. Rxc6 Rxf3+ 36. Kg1 Ra1+ 0-1

[Event "MSU Cup"]
[Site "Moscow"]
[Date "2024.04.22"]
[Round "2.12"]
[White "Avzalzoda, Ahmad"]
[Black "Arhipov, Roman"]
[Result "1/2-1/2"]
[WhiteElo "2045"]
[BlackElo "1748"]
[PlyCount "238"]
[EventDate "2024.04.22"]
[EventType "team-tourn"]
[EventRounds "9"]
[EventCountry "RUS"]
[SourceTitle "CB18_2024"]
[SourceDate "2024.05.01"]
[SourceVersion "1"]
[SourceVersionDate "2024.05.01"]
[SourceQuality "2"]
[WhiteTeam "Tadzhikistan"]
[BlackTeam "Belarus"]
[WhiteTeamCountry "TJK"]
[BlackTeamCountry "BLR"]

1. e4 e5 2. Nf3 Nc6 3. Bb5 a6 4. Ba4 b5 5. Bb3 Nf6 6. 0-0 Be7 7. Re1 d6 8. h3 Na5 9. c3 Nxb3 10. Qxb3 Be6 11. Qc2 c5 12. d4 cxd4 13. cxd4 Rc8 14. Qd1 Qc7 15. Bg5 0-0 16. Nbd2 Ne8 17. d5 Bxg5 18. Nxg5 Bd7 19. Rc1 Qb6 20. Qb3 h6 21. Ngf3 f5 22. Nc4 Qb8 23. Ncd2 Nf6 24. exf5 Bxf5 25. Rc6 Nd7 26. Qa3 Rxc6 27. dxc6 Nc5 28. Nxe5 b4 29. Qa5 Qa7 30. Nef3 Rc8 31. Nd4 Bg6 32. Qxb4 Nd3 33. Qc4+ Kh7 34. Re3 Ne5 35. Qd5 Qc7 36. Rc3 Bf7 37. Qe4+ Bg6 38. Qe3 Qb6 39. N2b3 Nxc6 40. Nxc6 Rxc6 41. Qxb6 Rxb6 42. Kf1 Bf7 43. Ke2 Kg6 44. Kd2 a5 45. Kc2 a4 46. Nc1 Kf6 47. Ra3 Bg6+ 48. Nd3 Rb5 49. Rc3 Ke6 50. b3 a3 51. Kd2 Be4 52. g3 g5 53. Ke3 Bf5 54. g4 Bg6 55. f4 gxf4+ 56. Nxf4+ Kf6 57. Rc6 Bb1 58. Rxd6+ Kg7 59. Rd2 Kf6 60. Kd4 Rb4+ 61. Ke3 Kg5 62. Nd5 Rb8 63. Nc3 Bxa2 64. Rxa2 Rxb3 65. Kd4 Kh4 66. Kc4 Rb8 67. Rxa3 Kxh3 68. Ra6 Kxg4 69. Rxh6 Kf4 70. Kd4 Rb4+ 71. Kc5 Rb8 72. Nd5+ Ke5 73. Rh5+ Ke4 74. Nf6+ Kf4 75. Rd5 Ra8 76. Kd6 Ra6+ 77. Ke7 Ra1 78. Kf7 Rb1 79. Rd4+ Ke5 80. Rd5+ Kf4 81. Ke6 Rb6+ 82. Kf7 Rb1 83. Rc5 Ra1 84. Nh5+ Ke4 85. Rc6 Ke5 86. Re6+ Kf5 87. Ng7+ Kg5 88. Rg6+ Kf4 89. Nh5+ Kf5 90. Ng3+ Ke5 91. Re6+ Kd5 92. Kf6 Rc1 93. Re5+ Kc4 94. Ne4 Rf1+ 95. Ke6 Ra1 96. Rd5 Re1 97. Ke5 Rh1 98. Rd4+ Kb3 99. Rd3+ Kc4 100. Rc3+ Kb4 101. Rc8 Rg1 102. Kd5 Rd1+ 103. Ke5 Rh1 104. Nf2 Rh2 105. Nd3+ Kb3 106. Nf4 Rh1 107. Kd4 Rh4 108. Ke3 Rh7 109. Nd5 Rh3+ 110. Kd4 Rh4+ 111. Kd3 Rh3+ 112. Ne3 Kb4 113. Rc7 Rg3 114. Kd4 Kb5 115. Rc5+ Kb4 116. Nd5+ Kb3 117. Rb5+ Ka3 118. Ne3 Rh3 119. Rb8 Ka4 1/2-1/2

[Event "Minsk Kupreichik Memorial op"]
[Site "Minsk"]
[Date "2023.04.22"]
[Round "3"]
[White "Arhipov, Roman"]
[Black "Kakhno, Barys"]
[Result "1-0"]
[WhiteElo "1736"]
[BlackElo "1393"]
[PlyCount "45"]
[EventDate "2023.04.21"]
[EventType "swiss"]
[EventRounds "7"]
[EventCountry "BLR"]
[SourceTitle "CBM 214 Extra"]
[Source "ChessBase"]
[SourceDate "2023.07.31"]
[SourceVersion "1"]
[SourceVersionDate "2023.07.31"]
[SourceQuality "1"]

1. e4 e6 2. d4 d5 3. Nd2 Nf6 4. e5 Nfd7 5. f4 c5 6. c3 Nc6 7. Ndf3 Qb6 8. Ne2 Be7 9. h4 0-0 10. Ng3 cxd4 11. Bd3 h6 12. Nxd4 Nxd4 13. cxd4 Bb4+ 14. Ke2 f6 15. Be3 a5 16. Rh3 Be7 17. Rb1 f5 18. Kf1 Nxe5 19. fxe5 f4 20. Qg4 fxe3+ 21. Kg1 Rf2 22. Nh5 Bf8 23. Nf6+ 1-0